Mata - piosenki - Statystyki

Ogólne statystyki
  • Ten quiz został rozwiązany 2 031 razy
    166 od ostatniego zresetowania
  • Średni wynik to 9 z 24
Statystyki odpowiedzi
Liczba wyświetleń Wykonawcy Nazwa piosenki % Poprawnych
66,8 mln Mata Patointeligencja
79%
84,4 mln Mata Patoreakcja
78%
66,2 mln Mata feat. Quebonafide, Malik Montana Papuga
76%
74 mln Mata Schodki
75%
50,4 mln Mata feat. Adam, Szczepan, Wyguś GOMBAO 33
71%
48,4 mln Mata Szafir
63%
34,8 mln Mata 100 dni do matury
50%
18,9 mln Mata Szmata
48%
35 mln Mata feat. White 2115 La la la (oh oh)
43%
21 mln Mata Biblioteka Trap
39%
88,2 mln Mata Kiss cam (podryw roku)
37%
52,1 mln SB Maffija (Mata, Jan-rapowanie, White 2115, Yah00, Beteo, Maciek Kacperczyk, Adi Nowak) A nie pamiętasz jak?
35%
23,1 mln Mata Prawy do Lewego
35%
26 mln Mata MATA MONTANA
33%
31,5 mln SB Maffija (Jan-rapowanie, Yah00, Białas, White 2115, Bedoes, Adi Nowak, Beteo, Mata, Solar) Hotel Maffija
31%
26,9 mln Mata Żółte flamastry i grube katechetki
30%
10,1 mln Białas feat. Mata Drift
29%
16,8 mln Białas feat. Mata PDW
21%
10 mln Mata Piszę to na matmie
21%
15,1 mln GOMBAO 33 (White 2115, Wyguś, Szczepan, Tadeo, SKUTE BOBO, Janusz Walczuk) Łyk i buch
17%
12,9 mln Mata Tango
17%
11,4 mln Mata JESTEM POJ384NY
13%
22,7 mln Mata PATOPROHIBICJA (28.01.2022)
3%
13,8 mln Mata #Hot16Challenge2
1%
Nie znaleziono quizów pasujących do podanych kryteriów
Rozkład punktacji
Procent ludzi z każdym wynikiem
Percentyl według liczby udzielonych odpowiedzi
Twoja historia wyników
Nie rozwiązałeś tego quizu od ostatniego zresetowania